000 00530nam a2200169 i 4500
001 26366
003 ES-MaACL
005 20230906153430.0
007 t|
008 030109q1950 fr ||||1| eng d
111 2 _aAssembly of Western European Union (Strasbourg. 1956)
_9135054
245 1 0 _aProccedings
_b: second session, first part : II official report of debates.
260 _aStrasbourg :
_b[s.n.,
_c195-?]
300 _a129 p. ;
_c27 cm.
740 0 _aOfficial report of debates.
852 _aES-MaACL
_jC-13679
_bR.39377
999 _c26366
_d26366